[Event "Eschborn op"]
[Site "Eschborn"]
[Date "2017.10.15"]
[Round "4"]
[White "Mueller, Gerhard1111"]
[Black "Pyshny, Anton"]
[Result "1-0"]
[WhiteElo "1725"]
[BlackElo "1519"]
[PlyCount "115"]
[EventDate "2017.10.13"]
[EventType "swiss"]
[EventRounds "5"]
[EventCountry "GER"]
[SourceTitle "EXT 2019"]
[Source "ChessBase"]
[SourceDate "2018.10.10"]
[SourceVersion "1"]
[SourceVersionDate "2018.10.10"]
[SourceQuality "1"]

1. e4 e5 2. Nf3 Nc6 3. Bb5 a6 4. Ba4 b5 5. Bb3 Bc5 6. c3 d6 7. d3 Nf6 8. 0-0 0-0 9. h3 Be6 10. Bc2 Ne7 11. d4 exd4 12. cxd4 Bb6 13. Re1 Ng6 14. Nbd2 c5 15. Nf1 Re8 16. d5 Bc8 17. Ng3 Ra7 18. Be3 Rae7 19. Bg5 Ra7 20. Nh5 Qe7 21. a3 Bd8 22. b4 c4 23. Nd4 Bd7 24. Qd2 Qf8 25. Nxf6+ Bxf6 26. Bxf6 gxf6 27. a4 Raa8 28. Ra3 Qg7 29. Rea1 Rab8 30. axb5 axb5 31. Kh2 Qf8 32. Ra7 Red8 33. g3 Ra8 34. Qe3 Rxa7 35. Rxa7 Qe8 36. f4 Ra8 37. Qa3 Rxa7 38. Qxa7 Qc8 39. Qb6 Bxh3 40. f5 Bg4 41. fxg6 Qf8 42. gxh7+ Kh8 43. Kg1 Qh6 44. Qd8+ Kxh7 45. e5+ f5 46. Qh4 Qxh4 47. gxh4 dxe5 48. Nxf5 Kh8 49. d6 Bxf5 50. Bxf5 c3 51. d7 c2 52. d8Q+ Kg7 53. Bxc2 e4 54. Bxe4 f6 55. Qd7+ Kg8 56. h5 f5 57. h6 fxe4 58. Qg7# 1-0

[Event "Bad Soden U18 op"]
[Site "Bad Soden"]
[Date "2017.10.02"]
[Round "7"]
[White "Gallasch, Robin"]
[Black "Pyshny, Anton"]
[Result "1-0"]
[WhiteElo "1682"]
[BlackElo "1676"]
[PlyCount "117"]
[EventDate "2017.09.30"]
[EventType "swiss"]
[EventRounds "9"]
[EventCountry "GER"]
[SourceTitle "EXT 2018"]
[Source "ChessBase"]
[SourceDate "2017.10.13"]
[SourceVersion "1"]
[SourceVersionDate "2017.10.13"]
[SourceQuality "1"]

1. d4 d5 2. c4 e6 3. Nc3 Nf6 4. cxd5 exd5 5. Bg5 Nbd7 6. e3 Be7 7. Bd3 0-0 8. Nf3 Re8 9. 0-0 c6 10. Qc2 Nf8 11. Rab1 Be6 12. b4 a6 13. a4 Bg4 14. Ne5 Be6 15. b5 axb5 16. axb5 Rc8 17. bxc6 bxc6 18. Rfc1 N6d7 19. Bxe7 Rxe7 20. Nxd7 Bxd7 21. Na4 Be8 22. Nc5 Rb8 23. Rxb8 Qxb8 24. Qb3 Qxb3 25. Nxb3 Ne6 26. Kf1 Kf8 27. Ke2 Nf4+ 28. Kd2 Nxg2 29. Na5 Re6 30. Be2 Nh4 31. Bg4 Rf6 32. f4 Rg6 33. h3 Rf6 34. Ke2 Ng6 35. Rb1 Ne7 36. Rb8 Nf5 37. Bxf5 Rxf5 38. Nxc6 Rh5 39. Rd8 Rxh3 40. Nb4 Rh2+ 41. Kd3 Ke7 42. Rxd5 f6 43. Ra5 Rb2 44. Kc3 Re2 45. Ra7+ Kf8 46. Kd3 Rb2 47. Nd5 Rb8 48. f5 Rd8 49. Nf4 Bf7 50. Ne6+ Bxe6 51. fxe6 Re8 52. d5 h5 53. Ke4 h4 54. Kf3 Rb8 55. d6 Re8 56. Rf7+ Kg8 57. d7 Rd8 58. e7 Rxd7 59. e8Q+ 1-0

[Event "Rhein Main op-B 19th"]
[Site "Bad Homburg"]
[Date "2016.05.25"]
[Round "1"]
[White "Koellner, Aaron Noah"]
[Black "Pyshny, Anton"]
[Result "1/2-1/2"]
[WhiteElo "1814"]
[BlackElo "1442"]
[PlyCount "151"]
[EventDate "2016.05.25"]
[EventType "swiss"]
[EventRounds "7"]
[EventCountry "GER"]
[SourceTitle "EXT 2017"]
[Source "ChessBase"]
[SourceDate "2016.10.25"]
[SourceVersion "1"]
[SourceVersionDate "2016.10.25"]
[SourceQuality "1"]

1. d4 d5 2. Nf3 Nf6 3. e3 Bf5 4. h3 h6 5. Bd3 Bxd3 6. cxd3 e6 7. 0-0 Be7 8. Nc3 0-0 9. a3 c6 10. b4 Nbd7 11. Qb3 a6 12. Bb2 Qc7 13. Rac1 Rfc8 14. Rc2 Ne8 15. Rfc1 Nd6 16. Na4 Nb6 17. Nc5 Nd7 18. Ne5 Nxe5 19. dxe5 Nb5 20. a4 Bxc5 21. Rxc5 Na7 22. Bd4 Qd7 23. R5c2 Re8 24. Bxa7 Rxa7 25. b5 axb5 26. axb5 Rc8 27. bxc6 bxc6 28. d4 Rac7 29. Rc5 Qe8 30. g4 Qd8 31. Kg2 Qg5 32. Qa4 h5 33. Kg3 hxg4 34. hxg4 Qd8 35. Qc2 g6 36. f4 Kg7 37. Rh1 Qg8 38. Rh3 Kf8 39. Qh2 Ke7 40. Rh6 Rf8 41. Qh4+ Kd7 42. Qf6 Ra8 43. Kf3 Rb8 44. Rc1 Rcc8 45. Rch1 Kc7 46. Rh8 Qxh8 47. Rxh8 Rxh8 48. Qxf7+ Kb6 49. Kg3 Rh1 50. Qxe6 Rbh8 51. g5 Rg1+ 52. Kf2 Rhh1 53. Qxg6 Rf1+ 54. Kg3 Rfg1+ 55. Kf3 Rh3+ 56. Ke2 Rh2+ 57. Kd3 Rd1+ 58. Kc3 Rc1+ 59. Kb3 Rhh1 60. Kb2 Rce1 61. Qc2 Rxe3 62. Qc5+ Kc7 63. Qc2 Rhe1 64. g6 R1e2 65. f5 Rxc2+ 66. Kxc2 Rg3 67. f6 Kd7 68. g7 Ke6 69. Kd2 Kf7 70. Ke2 Rg2+ 71. Kf3 Rg1 72. Kf4 Rg2 73. Kf5 Rf2+ 74. Kg4 Rg2+ 75. Kf3 Rg1 76. Kf4 1/2-1/2

[Event "Frankfurt-chB"]
[Site "Frankfurt"]
[Date "2015.05.11"]
[Round "3"]
[White "Pyshny, Anton"]
[Black "Al Butmeh, Firas"]
[Result "1-0"]
[WhiteElo "1273"]
[BlackElo "822"]
[PlyCount "63"]
[EventDate "2015.04.27"]
[EventType "swiss"]
[EventRounds "7"]
[EventCountry "GER"]
[SourceTitle "EXT 2016"]
[Source "ChessBase"]
[SourceDate "2015.10.08"]
[SourceVersion "1"]
[SourceVersionDate "2015.10.08"]
[SourceQuality "1"]

1. e4 e5 2. Nf3 Nc6 3. Bc4 Bc5 4. d3 Nf6 5. Bg5 0-0 6. Nc3 Bb4 7. Qd2 Nd4 8. Nxe5 Ne6 9. Bxe6 fxe6 10. a3 Be7 11. Be3 d6 12. Nf3 e5 13. h3 Be6 14. 0-0-0 Qd7 15. Ng5 c6 16. Nxe6 Qxe6 17. f3 d5 18. exd5 Nxd5 19. Nxd5 cxd5 20. Bg5 Bc5 21. Rhe1 Qd6 22. Qc3 Bd4 23. Qb3 Rf7 24. Be3 Bxe3+ 25. Rxe3 Qh6 26. d4 exd4 27. Rxd4 Re8 28. Kd2 Rfe7 29. Qxd5+ Kh8 30. Rde4 Qf6 31. Rxe7 Rxe7 32. Qd8+ 1-0

[Event "Hessen-ch U18"]
[Site "Bad Homburg"]
[Date "2015.03.30"]
[Round "1"]
[White "Pyshny, Anton"]
[Black "Thomas, Tobias"]
[Result "0-1"]
[WhiteElo "1264"]
[BlackElo "1796"]
[PlyCount "76"]
[EventDate "2015.03.30"]
[EventType "swiss"]
[EventRounds "7"]
[EventCountry "GER"]
[SourceTitle "EXT 2017"]
[Source "ChessBase"]
[SourceDate "2016.10.25"]
[SourceVersion "1"]
[SourceVersionDate "2016.10.25"]
[SourceQuality "1"]

1. e4 c5 2. Nf3 Nc6 3. d4 cxd4 4. Nxd4 e5 5. Nxc6 bxc6 6. Bd3 Bc5 7. 0-0 Ne7 8. Nc3 0-0 9. Bd2 d5 10. Qe2 f6 11. Kh1 g5 12. f3 h5 13. b3 Kf7 14. a4 Ng6 15. Na2 Nf4 16. Bxf4 gxf4 17. Rad1 Qe7 18. Ba6 Be6 19. Bd3 Rg8 20. Rd2 Rg5 21. c3 Rag8 22. b4 Be3 23. Rc2 h4 24. h3 Rg3 25. Re1 Bxh3 26. Kh2 Be6 27. Qf1 h3 28. Rxe3 fxe3 29. Re2 Qf8 30. Nc1 Qh6 31. Kg1 Rxg2+ 32. Rxg2 Rxg2+ 33. Kh1 Qf4 34. Qxg2 hxg2+ 35. Kxg2 Qg5+ 36. Kf1 Qg3 37. Ke2 Qf2+ 38. Kd1 Qd2# 0-1

[Event "Hessen-ch op-B"]
[Site "Frankfurt Sossenheim"]
[Date "2015.??.??"]
[Round "2"]
[White "Pyshny, Anton"]
[Black "Engel, Jan"]
[Result "1/2-1/2"]
[WhiteElo "1287"]
[BlackElo "1715"]
[PlyCount "119"]
[EventDate "2015.05.13"]
[EventType "swiss"]
[EventRounds "7"]
[EventCountry "GER"]
[SourceTitle "EXT 2016"]
[Source "ChessBase"]
[SourceDate "2015.10.08"]
[SourceVersion "1"]
[SourceVersionDate "2015.10.08"]
[SourceQuality "1"]

1. e4 c6 2. d4 d5 3. exd5 cxd5 4. Nf3 Nf6 5. Bf4 Bg4 6. h3 Bh5 7. Be2 Nc6 8. 0-0 e6 9. c3 Be7 10. Ne5 Bxe2 11. Qxe2 0-0 12. Nd2 Ne8 13. Nxc6 bxc6 14. Qg4 c5 15. Be3 Rc8 16. dxc5 Bxc5 17. Bxc5 Rxc5 18. Nf3 Qc7 19. Qd4 Rc4 20. Qe5 Nd6 21. Nd2 Rc6 22. f3 Qb6+ 23. Rf2 Qxb2 24. Nb3 Qxc3 25. Qxc3 Rxc3 26. Rc1 Rfc8 27. Rxc3 Rxc3 28. Rb2 Nc4 29. Re2 Kf8 30. Kf2 a5 31. Nc5 Ke7 32. f4 Kd6 33. Nb3 a4 34. Nd4 Kc5 35. Nf3 d4 36. Ng5 Re3 37. Rxe3 dxe3+ 38. Ke2 Kd4 39. Nxf7 Na3 40. Ng5 Nb5 41. Nxe6+ Ke4 42. Nc5+ Kxf4 43. Nxa4 Nd4+ 44. Ke1 Kg3 45. Nc3 Kxg2 46. a4 Nb3 47. Ke2 Kxh3 48. Kxe3 g5 49. Kf2 h5 50. Kg1 g4 51. Ne4 g3 52. Nf6 h4 53. Ne4 Kg4 54. Nd6 h3 55. Nc4 h2+ 56. Kg2 Nc5 57. Ne3+ Kh4 58. Nf5+ Kg4 59. Nxg3 Nxa4 60. Kxh2 1/2-1/2

[Event "Karl Mala Memorial op-B 17th"]
[Site "Frankfurt"]
[Date "2014.08.01"]
[Round "3"]
[White "Polak, Alice"]
[Black "Pyshny, Anton"]
[Result "1/2-1/2"]
[WhiteElo "911"]
[BlackElo "1155"]
[PlyCount "49"]
[EventDate "2014.07.31"]
[EventType "swiss"]
[EventRounds "7"]
[EventCountry "GER"]
[SourceTitle "EXT 2015"]
[Source "ChessBase"]
[SourceDate "2014.11.20"]
[SourceVersion "1"]
[SourceVersionDate "2014.11.20"]
[SourceQuality "1"]

1. e4 e5 2. d4 exd4 3. Qxd4 Nc6 4. Qe3 d6 5. Nc3 Be6 6. f3 Qd7 7. Bd2 0-0-0 8. 0-0-0 Kb8 9. g4 Be7 10. Bb5 a6 11. Bxc6 Qxc6 12. Nge2 Bf6 13. Nd4 Bxd4 14. Qxd4 f6 15. h3 Ne7 16. f4 Qc5 17. Qxc5 dxc5 18. Be3 b6 19. b3 Rd7 20. f5 Rxd1+ 21. Rxd1 Bc8 22. Nd5 Nxd5 23. Rxd5 Re8 24. e5 fxe5 25. c4 1/2-1/2

[Event "Rhein Main op-B 17th"]
[Site "Bad Homburg"]
[Date "2014.06.21"]
[Round "5"]
[White "Friedel, Thomas"]
[Black "Pyshny, Anton"]
[Result "1-0"]
[WhiteElo "1588"]
[BlackElo "911"]
[PlyCount "23"]
[EventDate "2014.06.18"]
[EventType "swiss"]
[EventRounds "9"]
[EventCountry "GER"]
[SourceTitle "CBM 161 Extra"]
[Source "ChessBase"]
[SourceDate "2014.08.29"]
[SourceVersion "1"]
[SourceVersionDate "2014.08.29"]
[SourceQuality "1"]

1. e4 e5 2. Nf3 Nc6 3. Nc3 Nf6 4. Bc4 Nxe4 5. Bxf7+ Kxf7 6. Nxe4 d6 7. d3 Be7 8. Bg5 Bxg5 9. Nfxg5+ Kg6 10. h4 h6 11. h5+ Kf5 12. Qf3# 1-0